| 000 | 00339nam a22001337a 4500 | ||
|---|---|---|---|
| 020 | _a978-1-119-12084-1 | ||
| 082 | _a658.4 | ||
| 100 | _aGrant, Robert M. | ||
| 245 |
_aContemporary Strategy Analysis: _bText and Cases |
||
| 250 | _a9th | ||
| 260 |
_aChichester; _bJohn Wiley & Sons, _c2016 |
||
| 300 | _axv, 758p.: ill.; 25cm | ||
| 942 | _cBK | ||
| 999 |
_c22196 _d22196 |
||